000 00354pam a2200145a 44500
008 230405s xxu||||| |||| 00| 0 eng d
041 _aENG
100 _aCHURASIA B D
245 _aHUMAN ANATOMY REGIONAL AND APPLIED VOL I
250 _a3 2002
260 _aNEW DELHI
_bCBS PUBLISHERS DELHI
_c
300 _a252
650 _aPHARMACOLOGY
906 _a591
999 _c275862
_d275862